[Event "CMA Futurity IV"]
[Site "Toronto CAN"]
[Date "2003.07.25"]
[Round "1"]
[White "Arencibia, Walter"]
[Black "Glinert, Stephen"]
[Result "1-0"]
[WhiteElo "2522"]
[BlackElo "2362"]
[PlyCount "155"]
[EventDate "2003.07.25"]
[EventType "schev"]
[EventRounds "10"]
[EventCountry "CAN"]
[Source "Mark Crowther"]
[SourceDate "2003.07.28"]

1. Nf3 Nf6 2. b3 g6 3. Bb2 Bg7 4. g3 O-O 5. Bg2 d6 6. d4 Nc6 7. O-O e5 8. dxe5
Ng4 9. Nc3 Ngxe5 10. Nxe5 Bxe5 11. Qd2 Be6 12. Rad1 Qd7 13. Qc1 Bh3 14. Bxh3
Qxh3 15. Nd5 Rae8 16. c4 f5 17. f4 Bxb2 18. Qxb2 Rf7 19. Rf2 Re6 20. Rd3 Qh6
21. e3 Qg7 22. Qd2 Nb8 23. Re2 Na6 24. Qe1 Nc5 25. Rd1 Ne4 26. Rd4 b6 27. Nc3
Rfe7 28. Nxe4 Rxe4 29. Rxe4 Rxe4 30. Qd2 Qe7 31. Kf2 a5 32. Qd5+ Kg7 33. h3 h5
34. Kf3 Qf6 35. Qd2 Re7 36. Rg2 Qa1 37. Qb2+ Qxb2 38. Rxb2 Kf6 39. Rd2 Re8 40.
Rd4 Ra8 41. e4 Re8 42. exf5 gxf5 43. Rd1 Re7 44. Rg1 Re8 45. Kf2 Ra8 46. Re1
Rg8 47. Kf3 Ra8 48. Re3 Rg8 49. Re2 Ra8 50. g4 hxg4+ 51. hxg4 fxg4+ 52. Kxg4
Rg8+ 53. Kf3 Rh8 54. Rd2 a4 55. b4 Rh3+ 56. Ke4 Rc3 57. Kd4 Rf3 58. Ke4 Rc3 59.
Kd5 Kf5 60. Rf2 a3 61. b5 Kf6 62. Re2 Kf7 63. Rh2 Kf6 64. Rh7 Rc2 65. Rxc7 Rxa2
66. Kxd6 Rc2 67. Kd5 a2 68. Ra7 Kf5 69. Kc6 Rxc4+ 70. Kxb6 Rc2 71. Ra4 Ke6 72.
Ka7 Rb2 73. b6 Kd6 74. f5 Kc6 75. Ra6 Kd7 76. f6 Rf2 77. b7 Rxf6 78. Rxa2 1-0

[Event "CMA Futurity IV"]
[Site "Toronto CAN"]
[Date "2003.07.26"]
[Round "2"]
[White "Glinert, Stephen"]
[Black "Moiseenko, Alexander"]
[Result "0-1"]
[WhiteElo "2362"]
[BlackElo "2618"]
[PlyCount "148"]
[EventDate "2003.07.25"]
[EventType "schev"]
[EventRounds "10"]
[EventCountry "CAN"]
[Source "Mark Crowther"]
[SourceDate "2003.07.28"]

1. e4 c5 2. Nc3 Nc6 3. g3 g6 4. Bg2 Bg7 5. d3 d6 6. f4 e6 7. Nf3 Nge7 8. O-O
O-O 9. Be3 b6 10. d4 d5 11. e5 Nf5 12. Re1 Ba6 13. Bf2 Ncxd4 14. Nxd4 cxd4 15.
Ne2 Ne3 16. Bxe3 Bxe2 17. Qxd4 Ba6 18. Qa4 Qc8 19. Rac1 b5 20. Qa3 Qc6 21. Bc5
Rfc8 22. Bd6 Bb7 23. Qe3 Bf8 24. Bxf8 Kxf8 25. g4 Qc5 26. f5 gxf5 27. gxf5 exf5
28. Qxc5+ Rxc5 29. Rf1 Ke7 30. Rxf5 Rg8 31. Kf2 Rc4 32. Bf1 Rh4 33. h3 d4 34.
Rd1 Bd5 35. Rf6 Rg5 36. Re1 Be4 37. Bd3 Bxd3 38. cxd3 Rxh3 39. Ra6 Rf5+ 40. Kg2
Re3 41. Rc1 Rexe5 42. Rxa7+ Kf6 43. Ra6+ Kg5 44. Rc2 Re3 45. Rd2 h5 46. Rd6 Rf4
47. Rd5+ Kh4 48. Rf2 Rxf2+ 49. Kxf2 Rxd3 50. Rxb5 Kg4 51. a4 h4 52. a5 Rd2+ 53.
Kg1 f5 54. Rb6 Rd1+ 55. Kh2 d3 56. a6 Ra1 57. Rd6 f4 58. Rxd3 Rxa6 59. b3 Ra2+
60. Kg1 Rb2 61. Rc3 h3 62. Rc8 Rxb3 63. Rg8+ Kf3 64. Kh2 Ke2 65. Rf8 f3 66.
Kxh3 Rb7 67. Re8+ Kf2 68. Rh8 Re7 69. Rh6 Kg1 70. Rg6+ Kf2 71. Rh6 Kf1 72. Ra6
f2 73. Ra1+ Re1 74. Ra2 Kg1 0-1

[Event "CMA Futurity IV"]
[Site "Toronto CAN"]
[Date "2003.07.26"]
[Round "3"]
[White "Milicevic, Goran"]
[Black "Glinert, Stephen"]
[Result "1/2-1/2"]
[WhiteElo "2348"]
[BlackElo "2362"]
[PlyCount "126"]
[EventDate "2003.07.25"]
[EventType "schev"]
[EventRounds "10"]
[EventCountry "CAN"]
[Source "Mark Crowther"]
[SourceDate "2003.07.28"]

1. e4 d6 2. d4 Nf6 3. Nc3 g6 4. Be2 Bg7 5. f4 O-O 6. Be3 d5 7. e5 Ne4 8. Nxe4
dxe4 9. c3 c5 10. dxc5 Qc7 11. Qc2 Nd7 12. Qxe4 Nxc5 13. Qc4 b6 14. Bxc5 bxc5
15. Nf3 Be6 16. Qe4 Rab8 17. b3 Qa5 18. O-O Qxc3 19. Rfc1 Qb4 20. Bc4 Bf5 21.
Qe3 Rfd8 22. h3 Bc8 23. a3 Qb6 24. Ng5 e6 25. Rd1 Bb7 26. Kh2 Qc6 27. Bf1 h6
28. Rxd8+ Rxd8 29. Nf3 Qe4 30. Re1 Qxe3 31. Rxe3 Bxf3 32. Rxf3 Rd2 33. Kg1 f6
34. Bc4 Kf7 35. exf6 Bxf6 36. Kf1 Rd6 37. f5 gxf5 38. Rxf5 Rc6 39. Ke2 Kg6 40.
Rf4 Bd4 41. Kf3 e5 42. Rg4+ Kf6 43. h4 Rc7 44. Rg8 Re7 45. Bd5 Rd7 46. Be4 Rf7
47. Bd5 Rd7 48. Ke4 Rg7 49. Rf8+ Ke7 50. Rh8 Rg4+ 51. Kf5 Rxh4 52. g3 Rh2 53.
Rh7+ Kd6 54. Bf3 Be3 55. Rxa7 Rb2 56. Rb7 Bf2 57. g4 Bd4 58. Rb6+ Kd7 59. Bd5
Rf2+ 60. Kg6 Rf4 61. Kxh6 Rxg4 62. Be6+ Kc7 63. Bxg4 Kxb6 1/2-1/2

[Event "CMA Futurity IV"]
[Site "Toronto CAN"]
[Date "2003.07.27"]
[Round "4"]
[White "Glinert, Stephen"]
[Black "Bellon Lopez, Juan Manuel"]
[Result "0-1"]
[WhiteElo "2362"]
[BlackElo "2423"]
[PlyCount "104"]
[EventDate "2003.07.25"]
[EventType "schev"]
[EventRounds "10"]
[EventCountry "CAN"]
[Source "Mark Crowther"]
[SourceDate "2003.07.28"]

1. e4 c5 2. Nc3 Nc6 3. g3 g6 4. Bg2 Bg7 5. d3 d6 6. f4 e6 7. Nf3 Nge7 8. O-O
O-O 9. Be3 Nd4 10. e5 Nef5 11. Bf2 Nxf3+ 12. Qxf3 Nd4 13. Qd1 dxe5 14. fxe5
Bxe5 15. Ne4 f5 16. Nxc5 f4 17. c3 f3 18. cxd4 fxg2 19. Kxg2 Qd5+ 20. Ne4 Bg7
21. Qb3 Qxb3 22. axb3 Bd7 23. d5 exd5 24. Nc5 Bb5 25. Ra5 a6 26. Ne6 Bxd3 27.
Re1 Be4+ 28. Kg1 Bxb2 29. Nxf8 Rxf8 30. Ra2 Bc3 31. Rc1 Rf3 32. Ra4 Kf7 33. Kf1
Ke6 34. Ke2 Be5 35. Rb4 Rf7 36. Be3 Rd7 37. Rb6+ Kf5 38. h3 Bxg3 39. Rg1 Bf4
40. Rf1 g5 41. Bd4 Bg2 42. Rg1 Bxh3 43. Kd3 Bd6 44. Re1 Bg2 45. Ke3 Kg4 46. Rg1
Kh3 47. Kd2 g4 48. Re1 Be4 49. Rf1 Bf3 50. Re1 h5 51. Re6 Bf4+ 52. Be3 Bc7 0-1

[Event "CMA Futurity IV"]
[Site "Toronto CAN"]
[Date "2003.07.27"]
[Round "5"]
[White "Cramling, Pia"]
[Black "Glinert, Stephen"]
[Result "1-0"]
[WhiteElo "2488"]
[BlackElo "2362"]
[PlyCount "77"]
[EventDate "2003.07.25"]
[EventType "schev"]
[EventRounds "10"]
[EventCountry "CAN"]
[Source "Mark Crowther"]
[SourceDate "2003.07.28"]

1. d4 Nf6 2. Nf3 g6 3. Nc3 Bg7 4. e4 d6 5. Be3 c6 6. Qd2 Nbd7 7. Bh6 Bxh6 8.
Qxh6 Qa5 9. Bd3 Qh5 10. Qd2 O-O 11. Ne2 Kg7 12. Ng3 Qh6 13. Ng5 Nb6 14. f4 Nh5
15. O-O-O f6 16. Nxh5+ Qxh5 17. Be2 Qh6 18. Nf3 Kg8 19. h4 Qg7 20. h5 Kf7 21.
Nh4 g5 22. h6 Qg8 23. Bh5+ Ke6 24. fxg5 Qxg5 25. Qxg5 fxg5 26. Nf3 Rg8 27. Rdf1
Kd7 28. Bf7 Rh8 29. Nxg5 Kc7 30. Bb3 c5 31. c3 c4 32. Bc2 Rg8 33. Nxh7 Bd7 34.
Rf7 Rae8 35. d5 Kd8 36. Bd1 Bc8 37. Rg7 Rxg7 38. hxg7 Rg8 39. Nf6 1-0

[Event "CMA Futurity IV"]
[Site "Toronto CAN"]
[Date "2003.07.28"]
[Round "6"]
[White "Glinert, Stephen"]
[Black "Arencibia, Walter"]
[Result "1-0"]
[WhiteElo "2362"]
[BlackElo "2522"]
[PlyCount "43"]
[EventDate "2003.07.25"]
[EventType "schev"]
[EventRounds "10"]
[EventCountry "CAN"]

1. e4 e6 2. Nc3 d5 3. d4 Bb4 4. Nge2 Nf6 5. e5 Nfd7 6. a3 Be7 7. Nf4 c5 8. Qg4
g6 9. Bd3 cxd4 10. Nxe6 Nxe5 11. Qxd4 Bxe6 12. Qxe5 O-O 13. O-O Nc6 14. Qg3 Bh4
15. Qf4 Bf6 16. Re1 Bg7 17. Qg3 Qb6 18. Nb5 Na5 19. Be3 d4 20. Bf4 Bc4 21. Nc7
Rad8 22. b4 1-0

[Event "CMA Futurity IV"]
[Site "Toronto CAN"]
[Date "2003.07.29"]
[Round "7"]
[White "Moiseenko, Alexander"]
[Black "Glinert, Stephen"]
[Result "1-0"]
[WhiteElo "2618"]
[BlackElo "2362"]
[PlyCount "69"]
[EventDate "2003.07.25"]
[EventType "schev"]
[EventRounds "10"]
[EventCountry "CAN"]

1. d4 Nf6 2. Bg5 e6 3. Nf3 h6 4. Bh4 b6 5. e3 Bb7 6. Bd3 Be7 7. O-O O-O 8. c3
Ne4 9. Bg3 d6 10. Nbd2 Nxg3 11. fxg3 Nd7 12. g4 e5 13. Qe1 g6 14. Qg3 Re8 15.
Rae1 Bf6 16. e4 d5 17. h4 Bg7 18. h5 dxe4 19. Nxe4 g5 20. Qf2 Bd5 21. c4 Be6
22. Nfxg5 hxg5 23. d5 Nf6 24. dxe6 Rxe6 25. Rd1 Qd4 26. Qxd4 exd4 27. Nxg5 Rd6
28. Rde1 Bh6 29. Rf5 Kf8 30. Ne6+ Rxe6 31. Rxe6 Nxg4 32. Re4 Ne3 33. Rf3 c5 34.
Re6 Kg7 35. Rg3+ 1-0

[Event "CMA Futurity IV"]
[Site "Toronto CAN"]
[Date "2003.07.30"]
[Round "8"]
[White "Glinert, Stephen"]
[Black "Milicevic, Goran"]
[Result "1-0"]
[WhiteElo "2362"]
[BlackElo "2348"]
[PlyCount "49"]
[EventDate "2003.07.25"]
[EventType "schev"]
[EventRounds "10"]
[EventCountry "CAN"]

1. e4 e6 2. Nc3 d5 3. d4 Bb4 4. Nge2 dxe4 5. a3 Be7 6. Nxe4 Nf6 7. Qd3 Nc6 8.
Bf4 Nxe4 9. Qxe4 f5 10. Qe3 g5 11. Be5 Nxe5 12. dxe5 c6 13. h4 g4 14. Nf4 Bxh4
15. Rd1 Qe7 16. Qd4 Bg5 17. Ng6 Qg7 18. Nxh8 Qxh8 19. f3 Qg7 20. fxg4 fxg4 21.
Bd3 h6 22. O-O Be7 23. Rf6 Bxf6 24. exf6 Qd7 25. Bg6+ 1-0

[Event "CMA Futurity IV"]
[Site "Toronto CAN"]
[Date "2003.07.31"]
[Round "9"]
[White "Bellon Lopez, Juan Manuel"]
[Black "Glinert, Stephen"]
[Result "1-0"]
[WhiteElo "2423"]
[BlackElo "2362"]
[PlyCount "93"]
[EventDate "2003.07.25"]
[EventType "schev"]
[EventRounds "10"]
[EventCountry "CAN"]

1. d4 Nf6 2. c4 g6 3. Nc3 d5 4. cxd5 Nxd5 5. Na4 Bf5 6. f3 e5 7. e4 Bxe4 8.
fxe4 Qh4+ 9. Ke2 Qxe4+ 10. Kf2 Nc6 11. Bb5 Nf6 12. Nf3 Ng4+ 13. Kg1 exd4 14. h3
Nge5 15. Nxe5 Qxe5 16. Bxc6+ bxc6 17. Qf3 O-O-O 18. Bf4 Qb5 19. b3 Ba3 20. Re1
Rhe8 21. Kh2 g5 22. Bg3 f5 23. Qh5 Rxe1 24. Rxe1 f4 25. Bf2 Qf5 26. Re8 Bd6 27.
Qg4 Qxg4 28. Rxd8+ Kxd8 29. hxg4 d3 30. Kg1 d2 31. Nc3 Bb4 32. Nd1 c5 33. Kf1
Kd7 34. Ke2 Kd6 35. Nb2 Kd5 36. Nc4 a5 37. Nxd2 a4 38. Nf3 axb3 39. axb3 h6 40.
Kd3 Ba3 41. Be1 Bb2 42. Bc3 Bxc3 43. Kxc3 Ke4 44. Kd2 Kd5 45. Kd3 Ke6 46. Ke4
Kf6 47. Ne5 1-0

[Event "CMA Futurity IV"]
[Site "Toronto CAN"]
[Date "2003.08.01"]
[Round "10"]
[White "Glinert, Stephen"]
[Black "Cramling, Pia"]
[Result "0-1"]
[WhiteElo "2362"]
[BlackElo "2488"]
[PlyCount "94"]
[EventDate "2003.07.25"]
[EventType "schev"]
[EventRounds "10"]
[EventCountry "CAN"]

1. e4 c5 2. Nc3 Nc6 3. g3 g6 4. Bg2 Bg7 5. d3 d6 6. Be3 e5 7. Qd2 Nge7 8. f4
O-O 9. Nf3 Nd4 10. O-O Rb8 11. a3 Bd7 12. Rf2 b5 13. Raf1 a5 14. f5 b4 15. axb4
axb4 16. Nd1 gxf5 17. Nh4 fxe4 18. dxe4 Bb5 19. Bh6 Bxf1 20. Bxf1 d5 21. Bxg7
Kxg7 22. c3 bxc3 23. bxc3 Ne6 24. Nf5+ Kh8 25. Nxe7 Qxe7 26. exd5 Ng5 27. d6
Qd8 28. Qd5 Rb6 29. Qxe5+ f6 30. Qf5 Qxd6 31. Ne3 Qe6 32. Ng4 Qxf5 33. Rxf5 Rb1
34. Rxc5 Ne4 35. Rf5 Nd2 36. Kg2 Nxf1 37. Rxf1 Rxf1 38. Kxf1 Ra8 39. Ke2 Kg7
40. Kd3 Ra2 41. c4 Kf7 42. c5 Ke6 43. Ne3 Rxh2 44. c6 Rh1 45. Nc4 Rh5 46. Nb6
Rc5 47. Nd7 Rxc6 0-1

[Event "Ontario University Tch"]
[Site "London CAN"]
[Date "2003.01.11"]
[Round "3"]
[White "Tipu, Vincent"]
[Black "Glinert, Stephen"]
[Result "1-0"]
[WhiteElo "2319"]
[BlackElo "2410"]
[PlyCount "53"]
[EventDate "2003.01.10"]
[EventType "team"]
[EventRounds "5"]
[EventCountry "CAN"]
[Source "CFC"]
[SourceDate "2003.06.??"]

1. e4 d6 2. d4 Nf6 3. Nc3 g6 4. Nf3 Bg7 5. Be2 O-O 6. O-O Bg4 7. Be3 Nc6 8. h3
Bxf3 9. Bxf3 e5 10. d5 Ne7 11. g3 Nd7 12. Bg2 f5 13. f4 exf4 14. Bxf4 Nc5 15.
Qd2 Qd7 16. Rae1 Rae8 17. Kh2 fxe4 18. b4 Na4 19. Nxe4 Qb5 20. Bxd6 Rxf1 21.
Bxf1 Qxd5 22. Bxe7 Qxd2+ 23. Nxd2 Bc3 24. Bb5 c6 25. Bxa4 Bxd2 26. Bb3+ Kg7 27.
Bf6+ 1-0

[Event "Ontario University Tch"]
[Site "London CAN"]
[Date "2003.01.12"]
[Round "4"]
[White "Glinert, Stephen"]
[Black "Chu, Stefanie"]
[Result "1-0"]
[WhiteElo "2410"]
[BlackElo "2105"]
[PlyCount "47"]
[EventDate "2003.01.10"]
[EventType "team"]
[EventRounds "5"]
[EventCountry "CAN"]
[Source "CFC"]
[SourceDate "2003.06.??"]

1. e4 c5 2. Nc3 Nc6 3. g3 g6 4. Bg2 Bg7 5. d3 d6 6. f4 e5 7. Nh3 Nge7 8. O-O
Nd4 9. f5 f6 10. Ne2 Bd7 11. c3 Nxe2+ 12. Qxe2 Bc6 13. g4 Qd7 14. g5 gxf5 15.
gxf6 Bxf6 16. Qh5+ Kd8 17. Qf7 Bh4 18. Bg5 Bxg5 19. Nxg5 Kc7 20. Ne6+ Kb6 21.
b4 cxb4 22. cxb4 Rag8 23. a4 fxe4 24. Qf2+ 1-0

[Event "Wch-U20"]
[Site "Goa IND"]
[Date "2002.12.15"]
[Round "8"]
[White "Glinert, Stephen"]
[Black "Borchgrevink, Harald"]
[Result "1-0"]
[WhiteElo "2351"]
[BlackElo "2174"]
[PlyCount "53"]
[EventDate "2002.12.09"]
[EventType "swiss"]
[EventRounds "13"]
[EventCountry "IND"]
[Source "Mark Crowther"]
[SourceDate "2002.12.16"]

1. e4 e6 2. Nc3 d5 3. d4 Bb4 4. Nge2 dxe4 5. a3 Be7 6. Nxe4 Nf6 7. Qd3 Bd7 8.
Bf4 Bc6 9. Nxf6+ Bxf6 10. O-O-O b5 11. Nc3 Bg5 12. Qf3 Bxf4+ 13. Qxf4 O-O 14.
Bxb5 Bxg2 15. Rhg1 Bd5 16. Nxd5 exd5 17. Rd3 c6 18. Qh6 g6 19. Rh3 Re8 20.
Qxh7+ Kf8 21. Rf3 Qd7 22. Rxg6 cxb5 23. Qg7+ Ke7 24. Qf6+ Kf8 25. Rh6 Re1+ 26.
Kd2 Re2+ 27. Kd3 1-0

[Event "Guelph ProAm int"]
[Site "Guelph CAN"]
[Date "2002.08.07"]
[Round "1"]
[White "Demmery, Steve"]
[Black "Glinert, Stephen"]
[Result "0-1"]
[WhiteElo "2160"]
[BlackElo "2404"]
[PlyCount "86"]
[EventDate "2002.08.07"]
[EventType "swiss"]
[EventRounds "9"]
[EventCountry "CAN"]

1. d4 Nf6 2. c4 g6 3. Nc3 d5 4. cxd5 Nxd5 5. Bd2 Bg7 6. e4 Nb6 7. Be3 O-O 8.
Be2 Nc6 9. Nf3 Bg4 10. d5 Bxf3 11. gxf3 Ne5 12. Bd4 e6 13. f4 Ned7 14. Bxg7
Kxg7 15. Qd4+ Qf6 16. O-O-O exd5 17. Nxd5 Nxd5 18. exd5 Rfe8 19. Bf3 Rad8 20.
Rd2 Nb6 21. Rhd1 Rd6 22. Rc2 Qxd4 23. Rxd4 c6 24. Kd2 Red8 25. Rc3 Nxd5 26.
Bxd5 Rxd5 27. Rxd5 Rxd5+ 28. Ke3 Rb5 29. b3 Kf6 30. Kf3 Rd5 31. b4 Ke6 32. a3
a5 33. bxa5 Rxa5 34. Rb3 b5 35. Rd3 c5 36. h4 b4 37. axb4 cxb4 38. Rd1 Rb5 39.
Rb1 b3 40. h5 Rxh5 41. Ke4 Rb5 42. f5+ gxf5+ 43. Kf4 b2 0-1

[Event "Guelph ProAm int"]
[Site "Guelph CAN"]
[Date "2002.08.08"]
[Round "2"]
[White "Glinert, Stephen"]
[Black "Garcia, Alvaro"]
[Result "1-0"]
[WhiteElo "2404"]
[BlackElo "2266"]
[PlyCount "99"]
[EventDate "2002.08.07"]
[EventType "swiss"]
[EventRounds "9"]
[EventCountry "CAN"]

1. e4 e6 2. Nc3 d5 3. d4 Nf6 4. exd5 exd5 5. Bd3 Nc6 6. Nge2 Be7 7. Bf4 Bg4 8.
f3 Be6 9. Qd2 Nb4 10. Nb5 Na6 11. a3 c6 12. Nbc3 Nc7 13. Ng3 Qd7 14. Nce2 h5
15. h4 Nb5 16. Be5 Nd6 17. Nf4 Nc4 18. Bxc4 dxc4 19. O-O-O Nd5 20. Nxd5 cxd5
21. Bxg7 Rg8 22. Nxh5 c3 23. Qxc3 Rc8 24. Qb3 Bf5 25. Rd2 Rc6 26. Re1 Kd8 27.
Rxe7 Qxe7 28. Qxd5+ Bd7 29. Be5 Qxh4 30. Qxf7 Qh1+ 31. Rd1 Qxg2 32. c4 Be6 33.
Qf6+ Kc8 34. c5 Qe2 35. Nf4 Qc4+ 36. Kd2 Bd7 37. Bd6 Qb3 38. d5 Ra6 39. Ng6 Re8
40. Kc1 Ra4 41. Ne5 Qe3+ 42. Kb1 Rd4 43. Rc1 Rf4 44. Qg7 Rxe5 45. Bxe5 Qd3+ 46.
Ka1 Qf5 47. Bxf4 Qxf4 48. Qc3 a6 49. c6 bxc6 50. dxc6 1-0

[Event "Guelph ProAm int"]
[Site "Guelph CAN"]
[Date "2002.08.08"]
[Round "3"]
[White "Degraeve, Jean Marc"]
[Black "Glinert, Stephen"]
[Result "0-1"]
[WhiteElo "2635"]
[BlackElo "2404"]
[PlyCount "142"]
[EventDate "2002.08.07"]
[EventType "swiss"]
[EventRounds "9"]
[EventCountry "CAN"]

1. e4 d6 2. d4 Nf6 3. Nc3 g6 4. Be3 Bg7 5. Qd2 c6 6. Nf3 Nbd7 7. h3 O-O 8. e5
dxe5 9. dxe5 Nd5 10. Bh6 Qa5 11. Bxg7 Kxg7 12. Nxd5 Qxd5 13. Qxd5 cxd5 14.
O-O-O Nb6 15. Bd3 Bd7 16. Rhe1 a6 17. b3 Bb5 18. Bxb5 axb5 19. Kb1 Ra5 20. c3
Rc8 21. Rd3 e6 22. Nd4 Nd7 23. b4 Ra6 24. Nxb5 Rb6 25. Nd4 Nc5 26. Rf3 Ne4 27.
Kb2 Ra8 28. Re2 Rba6 29. Kb1 Rc8 30. Kb2 Rc4 31. Nb3 b6 32. Rd3 Ra7 33. Rc2 f6
34. exf6+ Kxf6 35. Nd4 e5 36. Nb5 Rd7 37. Kb3 Rc8 38. a4 Ke6 39. Ra2 Ra8 40.
Re2 Nf6 41. g4 e4 42. f3 Ke5 43. Rd4 Rad8 44. g5 Nh5 45. fxe4 Ng3 46. Re3 Kf4
47. Re1 dxe4 48. a5 bxa5 49. bxa5 Rxd4 50. Nxd4 Ra8 51. Kb4 Nf5 52. Rf1+ Ke5
53. Nc6+ Kd5 54. Kb5 Nd6+ 55. Kb6 Nc4+ 56. Kb7 Nxa5+ 57. Kxa8 Nxc6 58. Rd1+ Kc5
59. Kb7 e3 60. Kc7 Ne5 61. Rd4 Nc4 62. Kd7 Nd2 63. Rd6 Kc4 64. Re6 Kd3 65. Kd6
e2 66. Kd5 Nf1 67. Rxe2 Kxe2 68. Ke5 Kd3 69. Kf6 Ng3 70. Kg7 Nf5+ 71. Kxh7 Nh4
0-1

[Event "Guelph ProAm int"]
[Site "Guelph CAN"]
[Date "2002.08.09"]
[Round "4"]
[White "Glinert, Stephen"]
[Black "Legky, Nikolay"]
[Result "0-1"]
[WhiteElo "2404"]
[BlackElo "2488"]
[PlyCount "50"]
[EventDate "2002.08.07"]
[EventType "swiss"]
[EventRounds "9"]
[EventCountry "CAN"]

1. e4 e6 2. Nc3 d5 3. d4 Nf6 4. exd5 exd5 5. Bd3 Bd6 6. Bg5 c6 7. Qd2 O-O 8.
Nge2 Nbd7 9. Ng3 Re8+ 10. Nce2 Qc7 11. O-O-O Ne4 12. Bxe4 dxe4 13. Nf5 Bf8 14.
Bf4 Qb6 15. Nc3 Nf6 16. Nd6 Re6 17. Nxc8 Rxc8 18. Be5 Nd5 19. Ne2 Rd8 20. Bf4
c5 21. dxc5 Qxc5 22. Be3 Qc4 23. Nc3 Red6 24. Bf4 Nxc3 25. Qxc3 Qxc3 0-1

[Event "Guelph ProAm int"]
[Site "Guelph CAN"]
[Date "2002.08.10"]
[Round "6"]
[White "Fedorowicz, John"]
[Black "Glinert, Stephen"]
[Result "1/2-1/2"]
[WhiteElo "2545"]
[BlackElo "2404"]
[PlyCount "27"]
[EventDate "2002.08.07"]
[EventType "swiss"]
[EventRounds "9"]
[EventCountry "CAN"]

1. d4 Nf6 2. c4 g6 3. Nc3 d5 4. Nf3 Bg7 5. cxd5 Nxd5 6. Qb3 Nb6 7. Bg5 h6 8.
Bh4 Be6 9. Qc2 Nc6 10. e3 Nb4 11. Qd1 O-O 12. a3 N4d5 13. Ne4 Nd7 14. Rc1
1/2-1/2

[Event "Guelph ProAm int"]
[Site "Guelph CAN"]
[Date "2002.08.10"]
[Round "7"]
[White "Glinert, Stephen"]
[Black "Arencibia, Walter"]
[Result "1/2-1/2"]
[WhiteElo "2404"]
[BlackElo "2534"]
[PlyCount "79"]
[EventDate "2002.08.07"]
[EventType "swiss"]
[EventRounds "9"]
[EventCountry "CAN"]

1. e4 e5 2. Nf3 Nc6 3. d4 exd4 4. Nxd4 Bb4+ 5. c3 Be7 6. Be3 Nf6 7. Nd2 O-O 8.
Be2 Re8 9. O-O Bf8 10. Qc2 d5 11. Nxc6 bxc6 12. Bf3 Ng4 13. Bxg4 Bxg4 14. h3
Bh5 15. f4 dxe4 16. g4 Qh4 17. Nc4 Bxg4 18. hxg4 Qxg4+ 19. Qg2 Qe6 20. b3 f5
21. Rad1 Rad8 22. Ne5 Rd5 23. c4 Rdd8 24. Qe2 c5 25. Rxd8 Rxd8 26. Rd1 Rxd1+
27. Qxd1 Bd6 28. Qd5 Qxd5 29. cxd5 g5 30. Nc4 Bxf4 31. Bxc5 a6 32. Ne3 Kf7 33.
Nxf5 Kf6 34. d6 cxd6 35. Nxd6 Ke5 36. Nc4+ Kd5 37. Bb6 h5 38. Ne3+ Kc6 39. Bd4
Bd6 40. Kf2 1/2-1/2

[Event "Guelph ProAm int"]
[Site "Guelph CAN"]
[Date "2002.08.11"]
[Round "8"]
[White "Glinert, Stephen"]
[Black "Cummings, David"]
[Result "1-0"]
[WhiteElo "2404"]
[BlackElo "2474"]
[PlyCount "81"]
[EventDate "2002.08.07"]
[EventType "swiss"]
[EventRounds "9"]
[EventCountry "CAN"]

1. e4 c5 2. Nc3 Nc6 3. g3 g6 4. Bg2 Rb8 5. d3 b5 6. Be3 b4 7. Nce2 Bg7 8. c3
bxc3 9. bxc3 Qa5 10. Qd2 Ba6 11. Nf3 Nf6 12. h3 c4 13. e5 Nd5 14. d4 O-O 15.
O-O d6 16. exd6 exd6 17. Bh6 Nce7 18. Bxg7 Kxg7 19. Rac1 Qa3 20. Rc2 Bb5 21.
Nf4 Ba4 22. Nxd5 Nxd5 23. Rcc1 Rb2 24. Qg5 Nxc3 25. Nh4 Ne2+ 26. Kh2 Qd3 27.
Rce1 Bd7 28. Qe7 Bc8 29. Rd1 Rd2 30. Rxd2 Qxd2 31. Nf3 Qxa2 32. Re1 Nc3 33.
Qxd6 Qxf2 34. Qe5+ Kg8 35. d5 Nb5 36. d6 Qb6 37. Rd1 Bd7 38. Ng5 Bf5 39. d7 Bd3
40. Nxf7 Rxf7 41. Qe8+ 1-0

[Event "Windsor Bradley op"]
[Site "Windsor USA"]
[Date "2002.07.21"]
[Round "5"]
[White "Glinert, Stephen"]
[Black "MacIntyre, Paul"]
[Result "1-0"]
[WhiteElo "2404"]
[BlackElo "2309"]
[PlyCount "45"]
[EventDate "2002.07.??"]
[EventType "swiss"]
[EventRounds "5"]
[EventCountry "USA"]
[Source "ChessBase"]
[SourceDate "2004.11.15"]

1. e4 e5 2. Nf3 Nc6 3. d4 exd4 4. Nxd4 Nf6 5. Nxc6 bxc6 6. Qd4 Be7 7. Nc3 d6 8.
Bg5 O-O 9. O-O-O Be6 10. f4 Qb8 11. f5 Bc8 12. e5 dxe5 13. Qxe5 Bd6 14. Qd4 Nd7
15. Bf4 Be7 16. Ne4 Nf6 17. Be5 Nxe4 18. Qxe4 f6 19. Bc3 Bd6 20. Bc4+ Kh8 21.
Rd3 Qb6 22. Rh3 g5 23. Qe8 1-0

[Event "World op"]
[Site "Philadelphia USA"]
[Date "2002.06.30"]
[Round "2"]
[White "Glinert, Stephen"]
[Black "Bailleau, Gerald"]
[Result "1/2-1/2"]
[WhiteElo "2289"]
[BlackElo "2145"]
[PlyCount "98"]
[EventDate "2002.06.29"]
[EventType "swiss"]
[EventRounds "9"]
[EventCountry "USA"]
[Source "Mark Crowther"]
[SourceDate "2002.07.15"]

1. e4 c6 2. d4 d5 3. exd5 cxd5 4. c4 Nf6 5. Nc3 Nc6 6. Bg5 Qa5 7. Nf3 Be6 8.
Qb3 O-O-O 9. O-O-O Ne4 10. Nxe4 dxe4 11. d5 exf3 12. Bd2 Qc7 13. dxe6 g6 14.
Qxf3 f5 15. Bc3 Bh6+ 16. Kb1 Rxd1+ 17. Qxd1 Rd8 18. Qe1 Qf4 19. g3 Qe5 20. Be2
Qe4+ 21. Ka1 Bd2 22. Bxd2 Rxd2 23. Qxd2 Qxh1+ 24. Bd1 Qe4 25. Qd7+ Kb8 26. Qd5
Qe1 27. a3 Qxf2 28. Ba4 Qg1+ 29. Ka2 Qb6 30. c5 Qc7 31. Bxc6 bxc6 32. Qd4 Kb7
33. Kb3 g5 34. Kc3 f4 35. gxf4 gxf4 36. Kd3 f3 37. h4 Ka6 38. Qd7 f2 39. Qxc7
f1=Q+ 40. Kc3 Qf3+ 41. Kb4 Qe4+ 42. Kc3 Qe3+ 43. Kb4 Qd4+ 44. Kb3 Qd3+ 45. Ka2
Qc4+ 46. Ka1 Qc1+ 47. Ka2 Qxc5 48. Qd7 Kb5 49. Ka1 Qc1+ 1/2-1/2

[Event "World op"]
[Site "Philadelphia USA"]
[Date "2002.07.02"]
[Round "4"]
[White "Glinert, Stephen"]
[Black "Anka, Emil"]
[Result "0-1"]
[WhiteElo "2289"]
[BlackElo "2438"]
[PlyCount "140"]
[EventDate "2002.06.29"]
[EventType "swiss"]
[EventRounds "9"]
[EventCountry "USA"]
[Source "Mark Crowther"]
[SourceDate "2002.07.15"]

1. e4 c5 2. Nc3 d6 3. g3 Nc6 4. Bg2 g6 5. d3 Bg7 6. f4 e6 7. Nf3 Nge7 8. O-O
O-O 9. Be3 Nd4 10. e5 Nef5 11. Bf2 Nxf3+ 12. Qxf3 Nd4 13. Qd1 dxe5 14. fxe5 Rb8
15. Ne4 b6 16. Nf6+ Kh8 17. c3 Nb5 18. g4 Bxf6 19. exf6 Bb7 20. Bxb7 Rxb7 21.
Qf3 Rd7 22. Rad1 g5 23. Bg3 Qa8 24. Qe3 Rg8 25. Be5 a5 26. Rf3 Rg6 27. Rh3 h6
28. Rf1 Na7 29. Rff3 Kg8 30. Rh5 Nc6 31. Qe4 Qb7 32. Rfh3 Nxe5 33. Qxe5 Qd5 34.
Qe3 Rxf6 35. Rxh6 Rxh6 36. Rxh6 Kg7 37. Rh5 f6 38. Rh3 Kg6 39. a3 a4 40. Rf3
Rd6 41. Kf2 Kg7 42. Kg3 Rd8 43. h3 b5 44. Qe2 Rd6 45. Re3 Kf7 46. Kh2 Rb6 47.
Re4 b4 48. cxb4 cxb4 49. axb4 Rxb4 50. Qc2 Qd6+ 51. Kg2 Rb3 52. Re3 Qd4 53. Re4
Qxb2 54. Qxb2 Rxb2+ 55. Kf3 a3 56. Ra4 a2 57. d4 Kg6 58. Ra5 Rh2 59. Kg3 Rd2
60. Kf3 Kf7 61. Ra7+ Ke8 62. Ke3 Rh2 63. Ke4 Rxh3 64. Rxa2 Rg3 65. Ra8+ Kf7 66.
Ra7+ Kg6 67. Ra6 Rxg4+ 68. Ke3 Kf5 69. Ra5+ e5 70. d5 Rd4 0-1

[Event "CAN-ch"]
[Site "Richmond CAN"]
[Date "2002.03.22"]
[Round "2.6"]
[White "Glinert, Stephen"]
[Black "McLaren, Brian"]
[Result "1-0"]
[WhiteElo "2391"]
[BlackElo "2290"]
[PlyCount "45"]
[EventDate "2002.03.21"]
[EventType "swiss"]
[EventRounds "11"]
[EventCountry "CAN"]

1. e4 Nf6 2. e5 Nd5 3. Nc3 c6 4. d4 d6 5. f4 Bf5 6. Bd3 Nxc3 7. bxc3 Bxd3 8.
Qxd3 e6 9. Nf3 d5 10. f5 exf5 11. Qxf5 Qd7 12. Qd3 Na6 13. O-O Be7 14. e6 Qxe6
15. Ba3 Qg6 16. Rae1 c5 17. Qe2 Qe6 18. Qd2 Qd6 19. dxc5 Nxc5 20. Rxe7+ Kxe7
21. Qe3+ Kd8 22. Bxc5 Qe6 23. Qg5+ 1-0